Quizzes
Events
Quiz Creation
Community
Videos
Private Events
Remove Ads
Sign In
Join for FREE
Feedback
Dark Mode
Quiz Categories
Sports
Geography
Music
Movies
Television
Just For Fun
Miscellaneous
History
Literature
Language
Science
Gaming
Entertainment
Religion
Holiday
For Kids
Quiz Lab
Recent
Popular Today
Quiz Kudos Today
Editor Picks
Curator Picks
Quizzes by...
Day
Popularity
Type
Ratings
Length
Year
Community
Subscriptions
Recent Discussions
Orange Saloon
Badges
Playlists
Quests
Create
Leaderboards
Showdown
Live 5
Trivia Bingo
Activity
Puzzle Library
Sporcle Events
Private Events
Virtual Trivia
Globe League
Become a Host
Pub Owners
SporcleCon
Opinionation
Our Games
Videos
Blog
Mobile Apps
Partnerships
Remove Ads and Go Orange
Feedback
Geography
Country
Landmarks
City
State
Population
World
Capital
Continent
Flags
Europe
Africa
Asia
South America
North America
Oceania
Border
Canada
United Kingdom
Topography
United States
Geography
Country
Landmarks
City
State
Population
World
Capital
Continent
Flags
Europe
Africa
Asia
South America
North America
Oceania
Border
Canada
United Kingdom
Topography
United States
Random Quiz
Search Sporcle
×
Quiz Lab
Quiz Lab
Geography
NJ Municipalities
Type in answers that appear in a list
Type in answers that appear in a list
Classic
Best Score? Go Orange.
Municipalities of NJ: Passaic County Stats
Can you name the Municipalities of Passaic County, New Jersey?
By
snowsilence
2m
16 Questions
479 Plays
479 Plays
479 Plays
Comments
Comments
Give Quiz Kudos
Give Quiz Kudos
-
- Ratings
hide this ad
Replay
Link that replays current quiz
Next Quiz
Link to next quiz in quiz playlist
You Got
0%
They Got
Avg Score
88%
Avg Friend Score
Upgrade to see
Score Distribution
Jump to the score distribution portion of the page
Score
0/16
Timer
02:00
0
Plays Today
Form of Governement
% Correct
City
Paterson
98.3%
City
Clifton
96.9%
City
Passaic
96.9%
Township
Wayne
96.5%
Township
West Milford
91.4%
Borough
Totowa
87.9%
Township
Little Falls
86.4%
Borough
Haledon
86.4%
Form of Governement
% Correct
Borough
Wanaque
85.6%
Borough
Hawthorne
85.4%
Borough
Pompton Lakes
85.4%
Borough
North Haledon
85.2%
Borough
Ringwood
84.8%
Borough
Woodland Park
84.3%
Borough
Bloomingdale
84.1%
Borough
Prospect Park
82.7%
Quiz Playlist
Details
Report
Send in Message
Add To Playlist
Classic:
Type in answers that appear in a list
Last Updated: Feb 16, 2017
Quiz Scoreboard
CHALLENGE
Sign Up to Join the Scoreboard
Show All
Scores
Hide
Comments
May contain spoilers
Recently Published
Pick 6: Fruits
by JohnFran
Miscellaneous
15s
Click the 1999 NBA Draft
by nibperrychub
Sports
2m
Alphabetical 'K' Countries by Flag Minefield
by ylime102
Geography
3m
More to Explore
Quiz From the Vault
Featured Blog Post
15 Basketball Trivia Facts You Can Be March Mad About
hide this ad
You Might Also Like...
Tags
counties
New Jersey
NJ Municipalities
NJ State
Today's Top Quizzes in Geography
Browse Geography
hide this ad
Top Contributed Quizzes in Geography
1
Countries of the World - No Outlines Minefield
2
Pick 6: Mountains
3
Lietuvos savivaldybės (Lithuanian Municipalities)
4
Alphabetical 'L' Countries By Flag Minefield
5
Least Populated Answer: 'G' Countries
6
Alphabetical 'M' Countries By Flag Minefield
7
Pick 6: National Parks
8
Pick 6: US States
9
African Flag Reveal XXXVI
10
Find the Landmarks A-Z
Explore More
Trending Topics
NBA
Harry Potter
Crossword
Marvel
Anime
Disney
Kpop
Song
NFL
Pokémon
Puzzle
Soccer
WWE
The Office
Country
hide this ad
More By:
snowsilence
Quiz
Plays
Rating
Category
Featured
Created
Municipalities of NJ: Morris County
762
3.67
Geography
Aug 3, 2010
Municipalities of NJ: Middlesex County
754
4.71
Geography
Aug 3, 2010
Municipalities of NJ: Monmouth County
598
4.33
Geography
Aug 3, 2010
Municipalities of NJ: Union County
540
5.00
Geography
Sep 1, 2010
Municipalities of NJ: Essex County
533
5.00
Geography
Jul 23, 2010
Go to Creator's Profile
Score Distribution
Quiz Creator Spotlight
snowsilence
Follow
Send a Message
Quizzes Created
-
Created Quiz Play Count
-
More By This Creator
Popular Quizzes Today
1
Countries of Asia Without Outlines Minefield
2
Find the US States - No Outlines Minefield
3
Pick 6: Fruits
4
Alphabetical 'K' Countries by Flag Minefield
5
The Countries of the World
6
Find the US States
7
US States
8
Match the Book to the Film X
More Geography Quizzes
Coloring Europe
Published
Trending Quizzes
Pick 6: Mountains
Pick 6: Harry Potter
Pick 6: NFL Teams
Pick 6: Movie Franchises
Pick 6: Golfers
Recently Updated
NWSL Teams
pecheneg
Women's Final Four Teams by Year
bhenderson79
Presidents Quartet II
eogle
Anything But Clue(do)
eogle
Anything But Oceanian Capitals
eogle
Anything But 7
eogle
Anything But Thing
eogle
Word Ladder: February 29
pecheneg
Song Title Questions
pecheneg
Women's NCAA Tournament #1 Seeds
pecheneg
Trending Topics
Kpop
Anime
Harry Potter
NBA
Marvel
Disney
Crossword
Puzzle
Pokémon
WWE
Song
Country
The Office
Soccer
NFL
Your Account Isn't Verified!
In order to create a playlist on Sporcle, you need to verify the email address you used during registration. Go to your
Sporcle Settings
to finish the process.
Report this User
Report this user for behavior that violates our
Community Guidelines
.
Details:
Send Report
Go to the Sporcle.com Mobile Site →
Comments